Countries that End with I - Statistics

General Stats
  • This quiz has been taken 30 times
  • The average score is 7 of 9
Answer Stats
Country % Correct
Fiji
77%
Kiribati
77%
Mali
77%
Brunei
73%
Burundi
73%
Haiti
73%
Djibouti
69%
Eswatini
69%
Malawi
69%
No matching quizzes found
Score Distribution
Percent of People with Each Score
Percentile by Number Answered
Your Score History
You have not taken this quiz